| 000 | 00715nam a2200277 a 4500 | ||
|---|---|---|---|
| 001 | 000108101 | ||
| 003 | CHAP | ||
| 005 | 20220329143957.0 | ||
| 008 | 131204s2006 nyu |r| ||||||eng d | ||
| 010 | _a104563 | ||
| 011 | _a105535 | ||
| 020 | _a0393926222 | ||
| 040 | _cCHAP | ||
| 082 | 0 | 4 |
_a330 _bS85 2006 |
| 100 | 1 |
_aStiglitz, Joseph E. _9124930 |
|
| 245 | 1 | 0 |
_aEconomics / _cpor Joseph E. Stiglitz y Carl E. Walsh. |
| 250 | _a4 ed. | ||
| 260 |
_aNew York : _bW.W. Norton, _cc2006. |
||
| 300 |
_axlviii, 888, A-32 p. : _bil. |
||
| 590 |
_aE11695DGD _b10 _c20131204 _lUCH01 _h1747 |
||
| 650 | 1 | 4 |
_aEconomÃa. _935226 |
| 700 | 1 |
_aWalsh, Carl E. _9124931 |
|
| 901 | _aBK | ||
| 942 | _cLIBRO | ||
| 942 | _n0 | ||
| 999 |
_c104563 _d104563 |
||